01400 2200265 4500001002100000005001500021035002000036090001200056020002200068100002800090650002000118245006200138264000900200008004100209082001300250084002200263250003200285260003700317300002900354700002800383520067200411990001801083990001801101990001501119INLIS00000000004015620240926022420 a0010-0619040156 99.221 3 a978-602-220-262-20 aRisa Saraswatiepenulis 4aFiksi Indonesia1 aAnanta Prihadi /cRisa Saraswati; penyunting, Ani Hafiizh ukune240926 g 1 ind  a899.2213 aSR 899.2213 RIS a aCetakan pertama, Maret 2018 aJakarta Selatan :bBukune,c2018 aiv, 248 halaman ;c20 cm0 aAni Hafiizhepenyunting aAku Tania Perempuan biasa yang sering dianggap alien oleh orang-orang. Perempuan yang suka tertawa, tapi mereka bilang aku monster. Perempuan bahagia, tapi seringnya kebahagiaanku membuat mereka menderita. Aku hanya ingin menjadi diriku. Apakah benar-benar sulit mewujudkan keinginan itu? Saya Ananta Prahadi Panggil saja Anta. Hobi bersih-bersih rumah dan makanan kesukaan saya lontong kari. Saya juga sangat mendukung pelestarian makhluk langka dan senang berada dekat-dekat mereka. Nah, makhluk langka yang saya sedang jaga sekarang ini adalah spesies terakhir perempuan unik yang ada di dunia! Saya Pierre Hmm..., saya harus bilang apa selain saya suka Tania? a044022.056842 a045178.057998 aprita00118